Kisspeptin level, metabolic and hormonal characteristics in adolescent girls with obesity and menstrual cycle disorders (notice n° 1856474)
[ vue normale ]
| 000 -LEADER | |
|---|---|
| fixed length control field | 01975cam a2200181 4500500 |
| 005 - DATE AND TIME OF LATEST TRANSACTION | |
| control field | 20260329010842.0 |
| 041 ## - LANGUAGE CODE | |
| Language code of text/sound track or separate title | fre |
| 042 ## - AUTHENTICATION CODE | |
| Authentication code | dc |
| 100 10 - MAIN ENTRY--PERSONAL NAME | |
| Personal name | Nikitina, Irina L. |
| Relator term | author |
| 245 00 - TITLE STATEMENT | |
| Title | Kisspeptin level, metabolic and hormonal characteristics in adolescent girls with obesity and menstrual cycle disorders |
| 260 ## - PUBLICATION, DISTRIBUTION, ETC. | |
| Date of publication, distribution, etc. | 2026.<br/> |
| 500 ## - GENERAL NOTE | |
| General note | 51 |
| 520 ## - SUMMARY, ETC. | |
| Summary, etc. | Aim. To examine metabolic and hormonal characteristics and their relationships in adolescent girls with obesity with or without menstrual cycle disorders (MCD). Patients and Methods. Forty adolescent girls with obesity (ICD-10 code E66.0) without MCD (median age 15.0 years, IQR 14.0 – 17.0) and 40 girls with obesity and MCD (21 with oligomenorrhea, 19 with secondary amenorrhea, median age 16.0 years, IQR 15.0 – 16.6) participated. Polycystic ovary syndrome (PCOS) was excluded in MCD cases. Tests measured metabolic and hormonal characteristics, including plasma kisspeptin (KP). Results. Girls with MCD had lower serum estradiol, but higher triglycerides, total testosterone (TST), luteinizing hormone (LH), luteinizing-to-follicle-stimulating hormone ratio, and anti-mullerian hormone. They also had higher plasma KP, a reliable MCD predictor. Path analysis identified key relationships and suggested two pathways increasing MCD probability: one linked to increased BMI with mediating leptin and TST, the other to increased KP with mediating LH and TST. Conclusion. Metabolic and hormonal profiles in girls with obesity and MCD resemble those in PCOS. Girls with obesity and MCD should be considered at risk of PCOS. Different pathological pathways associated with MCD in girls with obesity should be considered for treatment. |
| 700 10 - ADDED ENTRY--PERSONAL NAME | |
| Personal name | Liskina, Anastasiya S. |
| Relator term | author |
| 700 10 - ADDED ENTRY--PERSONAL NAME | |
| Personal name | Kelmanson, Igor A. |
| Relator term | author |
| 786 0# - DATA SOURCE ENTRY | |
| Note | Sexologies | 34 | 3 | 2026-02-17 | p. 152-166 | 1158-1360 |
| 856 41 - ELECTRONIC LOCATION AND ACCESS | |
| Uniform Resource Identifier | <a href="https://stm.cairn.info/journal-sexologies-2025-3-page-152?lang=en&redirect-ssocas=7080">https://stm.cairn.info/journal-sexologies-2025-3-page-152?lang=en&redirect-ssocas=7080</a> |
Pas d'exemplaire disponible.




Réseaux sociaux